Rain songs - Statistics

General Stats
  • This quiz has been taken 337 times
  • The average score is 5 of 20
Answer Stats
Hint Answer % Correct
Purple Rain (1984) Prince & The Revolution
89%
Set Fire To The Rain (2011) Adele
72%
November Rain (1991) Guns N' Roses
65%
It's Raining Men (1982) The Weather Girls
44%
Have You Ever Seen The Rain? (1970) Creedence Clearwater Revival
42%
Singin' In The Rain (1952 film) Gene Kelly
35%
Fire And Rain (1970) James Taylor
28%
No Rain (1993) Blind Melon
19%
It Will Rain (2011) Bruno Mars
18%
It's Raining Again (1982) Supertramp
16%
Why Does It Always Rain On Me? (1999) Travis
16%
Rain Over Me (2011) Pitbull feat. Marc Anthony
10%
The Adventures Of Rain Dance Maggie (2011) Red Hot Chili Peppers
9%
Rain On Your Parade (2008) Duffy
8%
A Year Without Rain (2010) Selena Gomez & The Scene
8%
Make It Rain (2009) Fat Joe feat. Lil Wayne
2%
Rainin In Paradize (2007) Manu Chao
2%
Rain (2009) Mika
2%
Raining Again (2005) Moby
2%
Man In The Rain (1998) Mike Oldfield
1%
No matching quizzes found
Score Distribution
Percent of People with Each Score
Percentile by Number Answered
Your Score History
You have not taken this quiz